000 00308nam a22001337a 4500
020 _a8171513182
082 _a297.4 SIN
100 _aSingh, N.K.
245 _aSufism of India Pakistan and Bangladesh Vol-III
260 _aNew Delhi
_bKitab Bhavan
_c2002
300 _a264
650 _asufism
942 _cBK
999 _c20118
_d20118